La generación multimedia : significados, consumos y prácticas culturales de los jóvenes /

Guardado en:
Autor Principal: Morduchowicz, Roxana
Formato: Libro
Publicado: Buenos Aires : Paidós, 2008
Series:Voces de la educación; No. 1 / dirigida por Rosa Rottemberg
Materias:
Etiquetas: Agregar Etiqueta
Sin Etiquetas, Sea el primero en etiquetar este registro!
LEADER 00785nam a22002415a 4500
001 CEM.cems013066
005 20081107130825.0
008 130507s2008##################000#0#####d
003 CEMS
020 |a 9789501215113 
082 0 4 |a 301.153 
100 1 |a Morduchowicz, Roxana 
245 1 0 |a La generación multimedia :  |b significados, consumos y prácticas culturales de los jóvenes /  |c Roxana Morduchowicz 
260 |a Buenos Aires :  |b  Paidós,  |c 2008 
300 |a 128 p. 
490 0 |a Voces de la educación; No. 1 / dirigida por Rosa Rottemberg 
653 |a Sociología 
653 |a Cultura 
653 |a Sociedad 
653 |a Jóvenes-cultura 
653 |a Comunicación social 
653 |a Jóvenes-comunicación 
859 |a CEMS  |b BIB. CEMS - 11 de abril  |h 301.153  |i M812  |p 25479.08  |t Ej.1